000 00315pab a2200145 454500
008 180718b2003 xxu||||| |||| 00| 0 eng d
100 _aOram, Jaul
245 _aUnlifting the scheduled tribes
260 _c2003
300 _ap.40-41.
362 _aAug
650 _aTribes
773 _aYojana
909 _a57657
999 _c57657
_d57657